000 00255nam a22001097a 4500
008 170126b xxu||||| |||| 00| 0 eng d
020 _a9780801676635
041 _aeng
080 _a61
245 _aHALTH & PHYSICAL ASSESSMENT
_cBARKAUSKAS
942 _2udc
_cBK
999 _c3749
_d3749